| 000 | 00619nam a22001817a 4500 | ||
|---|---|---|---|
| 999 |
_c16299 _d16299 |
||
| 008 | 170202b xxu||||| |||| 00| 0 eng d | ||
| 020 | _a9994496624 | ||
| 040 |
_aKABU _cKABU |
||
| 050 |
_aDT30.5 _b.N49 2015 C.1 |
||
| 245 |
_aNew paths to sustainable peace in Africa _cedited by Samuel Kale Ewusi |
||
| 260 |
_aEthiopia _bUpeace _c2015 |
||
| 300 | _avii, 259 p. | ||
| 650 |
_2Conflicts management _zAfrica |
||
| 650 |
_aCivil war _vPrevention _zAfrica |
||
| 650 | _aDiplomatic negotiations in international disputes | ||
| 700 | _aEwusi, Samuel Kale | ||
| 942 |
_2lcc _cBK _hDT30.5 .N49 2015 C.1 |
||